000 00689nam a22001817a 4500
003 UA-OsUOA
001 10379
007 ta
008 20050116b un ||||| |||| 00| 0 ukr d
100 _aВласюк Т.
942 _cSA
040 _aUA-OsUOA
_cUA-OsUOA
_dUA-OsUOA
245 _a"Волинські обереги" знають і в Чикаго
_b[Про здобутки рівнен. приват. полігр. п-ва "Волинські обереги" розповідає дир. вид-ва Т. Власюк]
300 _aС.4
955 _a0
773 0 _w0
_tВісті Рівненщини
_dРівне
_d2005
_g№3/12 січ./
650 7 _aВолинь
_2UDC
999 _c296540
_d296540